|
|
|
|
| LEADER |
00000cam a2200000 7i4500 |
| 001 |
0000002008 |
| 002 |
000002191 |
| 005 |
20000330.0 |
| 020 |
|
|
|a 08665684094
|
| 090 |
0 |
0 |
|a 025.520973
|b ROT
|
| 245 |
0 |
0 |
|a Rothstein on reference...with some help from friends
|c edited by Bill Katz and Charles A. Bunge
|
| 260 |
|
|
|a New York :
|b The Haworth Press ,
|c 1989
|
| 300 |
|
|
|a 646p ;
|c 22 cm.
|
| 650 |
0 |
0 |
|a Reference services (Libraries)
|x United States
|
| 700 |
1 |
|
|a Bunge, Charles A
|
| 700 |
1 |
|
|a Katz, William
|
| 700 |
1 |
|
|a Rothstein, Samuel
|
| 999 |
|
|
|a 033767
|b BUKU
|c RUJUKAN
|e PERPUSTAKAAN KOMUNITI PETALING JAYA
|